| 000 | 01320cam a2200217 a 4500 | ||
|---|---|---|---|
| 020 | _a9061915252 | ||
| 082 | 0 | 0 |
_a624.152 _bMOO _cL-16, P-66 |
| 100 |
_aMoore. J. P. _942591 |
||
| 245 | 0 | 0 |
_aAnalysis and design of foundations for vibrations / _cedited by P.J. Moore. |
| 260 |
_aRotterdam ; _aBoston : _bA.A. Balkema, _c1985. |
||
| 300 |
_axiv, 512 p. : _bill. ; _c24 cm. |
||
| 505 | 0 | _aVibration criteria / Peter J. Moore -- Vibration theory / Lewis C. Schmidt -- Vibrations of blocks and beams / John R. Styles -- Analysis of beams and frames / Richard Kohoutek -- Analysis of vibration records / Nicholas Haritos -- Theoretical solutions for foundations vibration problems / Peter J. Morre -- Design of shallow foundations / Peter J. Moore -- Design of deep foundations / John Howell -- Measurement of dynamic soil properties / Peter J. Hoadley -- Instrumentation / Lewis C. Schmidt -- Isolation techniques / Peter J. Moore -- Aspects of computer modelling / Richard Harris & Chris Sargood. | |
| 526 |
_a0 _b0 _c0 _d624_152000000000000_MOO |
||
| 650 | 0 |
_aFoundations _xDesign and construction. _921251 |
|
| 650 | 0 |
_aMCE _9379 |
|
| 650 | 0 | _aSoil mechanics. | |
| 650 | 0 |
_aVibration. _939230 |
|
| 700 | 1 |
_aMoore, P. J. _942592 |
|
| 856 | 4 | 2 | _uhttp://www.loc.gov/catdir/enhancements/fy0917/86136883-d.html |
| 942 |
_2ddc _cBK |
||
| 999 |
_c546460 _d546460 |
||